How do you know it's winter? / (Record no. 1764)

MARC details
000 -LEADER
fixed length control field 01360cam a2200385 i 4500
001 - CONTROL NUMBER
control field 1764
003 - CONTROL NUMBER IDENTIFIER
control field FISKH
005 - DATE AND TIME OF LATEST TRANSACTION
control field 20230928144519.0
008 - FIXED-LENGTH DATA ELEMENTS--GENERAL INFORMATION
fixed length control field 130417s2014 nyua j 001 0 eng c
010 ## - LIBRARY OF CONGRESS CONTROL NUMBER
LC control number 2013014929
020 ## - INTERNATIONAL STANDARD BOOK NUMBER
International Standard Book Number 9780531299494 (library binding)
020 ## - INTERNATIONAL STANDARD BOOK NUMBER
International Standard Book Number 9780531225783 (pbk.)
040 ## - CATALOGING SOURCE
Original cataloging agency NJQ/DLC
Language of cataloging eng
Transcribing agency NJQ
Description conventions rda
Modifying agency DLC
042 ## - AUTHENTICATION CODE
Authentication code pcc
050 00 - LIBRARY OF CONGRESS CALL NUMBER
Classification number QB637.8
Item number .H474 2014
082 04 - DEWEY DECIMAL CLASSIFICATION NUMBER
Classification number 508.2
Edition number 23
100 1# - MAIN ENTRY--PERSONAL NAME
Personal name Herrington, Lisa M.,
Relator term
245 10 - TITLE STATEMENT
Title How do you know it's winter? /
Statement of responsibility, etc. by Lisa M. Herrington, content consultant, Randy C. Bilik, M.A., Julia A. Stark Elementary, Stamford, Connecticut ; reading consultant, Jeanne Clidas, Ph.D., reading specialist.
246 3# - VARYING FORM OF TITLE
Title proper/short title How do you know it is winter?
264 #1 - PRODUCTION, PUBLICATION, DISTRIBUTION, MANUFACTURE, AND COPYRIGHT NOTICE
Place of production, publication, distribution, manufacture New York :
Name of producer, publisher, distributor, manufacturer Scholastic,
Date of production, publication, distribution, manufacture, or copyright notice 2014.
300 ## - PHYSICAL DESCRIPTION
Extent 32 pages :
Other physical details color illustrations ;
Dimensions 19 cm.
336 ## - CONTENT TYPE
Content type term text
Source rdacontent
337 ## - MEDIA TYPE
Media type term unmediated
Source rdamedia
338 ## - CARRIER TYPE
Carrier type term volume
Source rdacarrier
490 1# - SERIES STATEMENT
Series statement Rookie read-about science
505 0# - FORMATTED CONTENTS NOTE
Formatted contents note N<br/>
520 ## - SUMMARY, ETC.
Summary, etc. "Introduces the reader to the winter season."--
521 1# - TARGET AUDIENCE NOTE
Target audience note 560<br/>
Source Lexile<br/><br/>
521 1# - TARGET AUDIENCE NOTE
Target audience note N<br/>
Source Raz-Plus<br/>
650 #0 - SUBJECT ADDED ENTRY--TOPICAL TERM
Topical term or geographic name entry element Winter
Form subdivision Juvenile literature.
830 #0 - SERIES ADDED ENTRY--UNIFORM TITLE
Uniform title Rookie read-about science.
906 ## - LOCAL DATA ELEMENT F, LDF (RLIN)
a 7
b cbc
c orignew
d 1
e ecip
f 20
g y-gencatlg
942 ## - ADDED ENTRY ELEMENTS (KOHA)
Source of classification or shelving scheme Dewey Decimal Classification
Koha item type Books
Suppress in OPAC No
Holdings
Withdrawn status Lost status Source of classification or shelving scheme Damaged status Not for loan Collection Home library Current library Shelving location Date acquired Total Checkouts Full call number Barcode Date due Date last seen Date last checked out Copy number Price effective from Koha item type
    Dewey Decimal Classification     Non-Fiction Footprints International School Library Network Toul Kork Campus Footprints International School Library Network Toul Kork Campus TK Primary Library Room(4th Floor), Bookcase 3&4, Shelves 17-32, Yellow Books 09/28/2023 2 HER 508.2 QB637.H474 FISTK03243 04/17/2026 04/03/2026 04/03/2026 1 09/28/2023 Books
    Dewey Decimal Classification     Non-Fiction Footprints International School Library Network Toul Tom Poung Campus Footprints International School Library Network Toul Tom Poung Campus TTP Primary Yellow Bookshelves 09/28/2023 1 HER 508.2 QB637.H474 FISBK05548   02/05/2024 01/22/2024 2 09/28/2023 Books
    Dewey Decimal Classification     Non-Fiction Footprints International School Library Network Toul Tom Poung Campus Footprints International School Library Network Toul Tom Poung Campus TTP Primary Yellow Bookshelves 06/24/2025   HER 508.2 QB637.H474 FIS01680   06/24/2025   3 06/24/2025 Books